Todos os times que já disputaram o Brasileirão - Statistics

Estatísticas Gerais
  • Esse quiz foi jogado 1 739 vezes
    1 058 desde o último reset
  • A pontuação média é 73 de 160
Estatísticas das Respostas
Resposta N°Participações % Correto
Flamengo 59
99%
Flamengo-PI 7
99%
Palmeiras 61
98%
São Paulo 57
98%
Santos 63
97%
Atlético-GO 14
96%
Atlético Mineiro 62
96%
Botafogo 59
96%
Botafogo-PB 7
96%
Botafogo-SP 6
96%
Fluminense 59
96%
Corinthians 56
95%
Grêmio 64
95%
Grêmio Barueri 2
95%
Grêmio Maringá 6
95%
São Paulo-RS 3
95%
Vasco 55
95%
Cruzeiro 61
94%
Cruzeiro do Sul 1
94%
Inter de Lages 1
94%
Inter de Limeira 7
94%
Inter de Santa Maria 1
94%
Internacional 58
94%
Bahia 51
90%
Sport 42
87%
América-CE 1
86%
América-MG 19
86%
América-RJ 19
86%
América-RN 15
86%
América-SE 1
86%
América-SP 2
86%
Vitória 40
85%
Vitória-ES 1
85%
Coritiba 42
84%
Fortaleza 26
84%
Ceará 26
83%
Juventude 19
83%
Goiás 43
82%
Chapecoense 9
79%
Criciúma 14
78%
Cuiabá 4
78%
Guará 1
78%
Santa Cruz-PE 24
78%
Santa Cruz-SE 2
78%
Athletico 48
77%
Remo 16
77%
Paysandu 27
76%
Red Bull Bragantino 14
76%
Avaí 11
75%
Ponte Preta 24
75%
Náutico 34
74%
Portuguesa 36
74%
Paraná 16
72%
Figueirense 17
71%
CSA 19
69%
CRB 11
68%
Joinville 12
66%
Villa Nova 3
66%
Vila Nova 9
65%
Guarani 29
64%
São Caetano 7
63%
Bangu 11
61%
Brasiliense 1
60%
Caxias 4
58%
Santo André 2
58%
ABC 14
56%
CEOV 4
55%
Operário-MS 10
55%
Operário-PR 1
55%
Londrina 7
53%
Gama 6
50%
Volta Redonda 3
50%
Brasil de Pelotas 4
49%
Sampaio Corrêa 12
49%
Ferroviária 1
46%
Rio Branco-ES 13
43%
Rio Branco-RJ 1
43%
Ferroviário-CE 6
40%
Ferroviário-MA 1
40%
Ferroviário-PR 3
40%
Juventus-SP 1
40%
ASA 1
39%
Ipatinga 1
38%
Moto Club 11
35%
Nacional-AM 16
35%
Sergipe 12
33%
Treze 9
33%
Campinense 11
32%
Confiança 8
32%
São José 2
31%
Tuna Luso 4
30%
Ríver-PI 8
28%
Mixto 8
25%
Uberlandia 4
24%
União São João 4
24%
XV de Piracicaba 3
24%
Americano 8
22%
Comercial-MS 6
22%
Comercial-PR 1
22%
Comercial-SP 2
22%
Brasília 7
21%
Goiânia 4
21%
Maranhão 3
21%
Novo Hamburgo 1
21%
Olaria 2
20%
São Bento 1
20%
Desportiva Ferroviária 15
18%
Uberaba 6
18%
XV de Jaú 2
17%
Piauí 4
16%
Anápolis 1
15%
Caldense 1
15%
Central 2
15%
Itabaiana 5
15%
Anapolina 4
14%
Goytacaz 6
14%
Tiradentes-PI 5
14%
Colorado-PR 5
12%
Noroeste 1
12%
Pinheiros 2
12%
Rio Negro 7
12%
Campo Grande 2
11%
Metropol-SC 5
11%
Liga da Marinha 1
10%
Alecrim 3
9%
Galícia 2
9%
Hercílio Luz 1
9%
Potiguar 1
9%
Dom Bosco 3
8%
Fast Clube 3
8%
Fluminense de Feira 4
8%
Auto Esporte-PB 1
7%
Auto Esporte-PI 1
7%
CEUB 3
7%
Francana 1
7%
Itabuna 2
7%
Itumbiara 1
7%
J Malucelli 1
7%
Siderúrgica-MG 1
7%
Sobradinho 1
7%
Catuense 1
6%
Colatina-ES 1
6%
Corumbaense 1
6%
Leônico-BA 3
6%
Perdigão-SC 1
6%
Taguatinga 1
6%
Defelê 1
5%
Rabello-DF 3
5%
Água Verde-PR 1
4%
Aliança-RJ 1
4%
Capelense-AL 2
4%
Fonseca-RJ 3
4%
Guanabara-DF 1
4%
Olímpico-AM 1
4%
Olímpico-SC 1
4%
Paula Ramos-SC 1
4%
Santo Antônio-ES 2
4%
Eletrovapo 1
3%
Estrela do Mar 1
3%
Manufatora 1
3%
Nenhum quiz correspondente encontrado
Distribuição das Pontuações
Porcentagem de Pessoas com Cada Pontuação
Percentil de Números Respondidos
Sua Pontuação Histórica
Você não jogou esse quiz desde o último reset